| 000 | 00763cab a2200253 4500 | ||
|---|---|---|---|
| 001 | WB3215-06 | ||
| 008 | 090401t1996 xxu||||| |||| 00| 0 eng d | ||
| 035 | _a(Sirsi) u69623 | ||
| 041 | _aeng | ||
| 245 | _aNew-building projects | ||
| 260 | _c1996 | ||
| 350 | _a0 | ||
| 490 |
_aFinancial Times _v17 April 1996, 24(1) |
||
| 520 | _aMany businesses do not plan effectively when embarking on new-build projects. A strategic brief can save time and money and achieve a better result. | ||
| 650 | _aBRIEFING | ||
| 650 | _aBUILT ENVIRONMENT-CONSTRUCTION DESIGN | ||
| 650 | _aBUILDING PROJECTS | ||
| 650 | _aDEVELOPMENT PROCESS | ||
| 650 | _aNEW-BUILD | ||
| 650 | _aSTRATEGIC BRIEF | ||
| 690 | _aBUILT ENVIRONMENT | ||
| 942 | _n0 | ||
| 948 | _c04/03/1997 | ||
| 999 |
_c43740 _d43740 |
||